00557nam a2200169Ia 4500008004100000020001500041041000800056082001600064100001900080245007300099250000600172260003900178300001100217650001500228999001900243952012500262210716s2000 xx 000 0 und d a0761994912 aeng a153.69 LEWH aLewis, Hedwig. aBody language: a guide for professionals.bA guide for professionals a3 aNew DelhibSage Publicationsc2000 axx,238 aPsychology c208088d208088 001040708MBAaAIMITbAIMITd2013-09-21g450.00l0o153.69 LEWHpMBA10654r2026-05-23 00:00:00v337.50w2021-07-16yBK